Normal view
MARC view
Entry Personal Name
001 - CONTROL NUMBER
- control field: 35686
003 - CONTROL NUMBER IDENTIFIER
- control field: IT-RoPau
005 - DATE AND TIME OF LATEST TRANSACTION
- control field: 20150730222848.0
008 - FIXED-LENGTH DATA ELEMENTS
- fixed length control field: 150730|| aca||aabn | a|a d
040 ## - CATALOGING SOURCE
- Original cataloging agency: IT-RoPau
- Transcribing agency: IT-RoPau
100 ## - HEADING--PERSONAL NAME
- Personal name:
- Titles and other words associated with a name: op.
670 ## - SOURCE DATA FOUND
- Source citation: Work cat.: (IT-RoPau)28117: Benedictus Merkelbach 35685, Questiones de variis poenitentium categoriis. 3a ed.